| 000 | 00838nam a2200205Ii 4500 | ||
|---|---|---|---|
| 003 | JO-AjNU | ||
| 008 | 230605s9999||||xx |||||||||||||| ||und|| | ||
| 040 |
_aJO-AjNU _bara _erda _cJO-AjNU |
||
| 041 | _aara | ||
| 050 | 1 | 4 | _aKRM3647.A5848.2002 |
| 100 | 3 |
_a سلطان ، أنور , _eauthor _931236 |
|
| 245 | 0 | 0 | _aأحكام الالتزام : الموجز في النظرية العامة للالتزام : دراسة مقارنة في القانونين المصري و اللبناني |
| 250 | _a(د،ط) | ||
| 264 | 3 | 1 | _aد، م : د ، ن ، 2002 |
| 300 | _a525ص | ||
| 336 |
_atext _btxt _2rdacontent |
||
| 337 |
_aunmediated _bn _2rdamedia |
||
| 338 |
_avolume _bnc _2rdacarrier |
||
| 650 | 4 |
_aالالتزام -- قوانين وتشريعات -- مصر -- الالتزام -- قوانين وتشريعات -- مصر _931237 |
|
| 999 |
_aA12472 _c16040 _d16040 |
||